000 00338nam a2200133Ia 4500
008 230917s9999||||xx |||||||||||||| ||und||
040 _e158290
_aMAIN
041 _aEnglish
082 _a150 D49A
100 _aPromila Devi
245 0 _aAnger expression and well-being: A study amongst college students
300 _a58 p.
942 _cTH
999 _c89373
_d89373